L'ateisme temptació del món (Record no. 26902)

MARC details
000 -LEADER
campo de control de longitud fija 00768nam a2200217 i 4500
001 - NÚMERO DE CONTROL
campo de control 26902
003 - IDENTIFICADOR DE NÚMERO DE CONTROL
campo de control ES-MaACL
005 - FECHA Y HORA DE LA ÚLTIMA TRANSACCIÓN
campo de control 20230906153524.0
007 - CAMPO FIJO DE DESCRIPCIÓN FÍSICA--INFORMACIÓN GENERAL
campo de control de longitud fija t|
008 - DATOS DE LONGITUD FIJA--INFORMACIÓN GENERAL
campo de control de longitud fija 030113s1966 sp ||||1| cat d
245 02 - MENCIÓN DEL TÍTULO
Título L'ateisme temptació del món
Resto del título : desvetllament dels cristians /
Mención de responsabilidad, etc. Monsenyor Vevillot... [et al.] i els participants de les "Jornades d'Estudis" de les Informations Catholiques Internationales ; [versió... Maria Planas].
250 ## - MENCION DE EDICION
Mención de edición 1ª ed.
260 ## - PUBLICACIÓN, DISTRIBUCIÓN, ETC.
Lugar de publicación, distribución, etc. Barcelona :
Nombre del editor, distribuidor, etc. Nova Terra,
Fecha de publicación, distribución, etc. [1966]
300 ## - DESCRIPCIÓN FÍSICA
Extensión 219 p. ;
Dimensiones 20 cm.
490 1# - MENCIÓN DE SERIE
Mención de serie L'home nou ;
Designación de volumen o secuencia 14
700 1# - ENTRADA AGREGADA--NOMBRE PERSONAL
Nombre de persona Monsenyor Vevillot.
9 (RLIN) 82294
700 1# - ENTRADA AGREGADA--NOMBRE PERSONAL
Nombre de persona Planas, Maria.
9 (RLIN) 92524
830 0# - PUNTO DE ACCESO ADICIONAL DE SERIE-TÍTULO UNIFORME
Título uniforme L'home nou ;
Designación de volumen o secuencia 14
9 (RLIN) 181581
852 ## - LOCALIZACIÓN
Ubicación ES-MaACL
Número de control de estantería C-29806
Sublocalización o colección R.60311
Holdings
Estatus retirado Estado de pérdida Estado de daño No para préstamo Biblioteca de origen Biblioteca actual Ubicación en estantería Fecha de adquisición Fuente de adquisición Total de préstamos Signatura topográfica completa Código de barras Visto por última vez Precio de reemplazo Tipo de ítem Koha
        Biblioteca del Ateneo de Madrid Biblioteca del Ateneo de Madrid Depósito 2 17/01/2008     C-29806 1027769 23/02/2023 23/02/2023 Libro impreso